000 00428nam a22001697a 4500
003 MPLRDC
005 20220104114056.0
008 210129b ||||| |||| 00| 0 eng d
082 _a782.24 TJS v.8
100 _a谭继山 编译
245 _a爱国诗人: 陆游
_c
260 _a
_b万盛出版有限公司
_c1983
300 _b
490 _a中国诗人传奇. 8
650 _a中国传记
942 _cBK
_o782.24 TJS v.8
999 _c4619
_d4609